Tecnica dell'esame istologico dei preparati anatomo-patologici : (Registro nro. 4966)
[ vista simple ]
| 000 -CABECERA | |
|---|---|
| campo de control de longitud fija | 00925nam a2200265 i 4500 |
| 001 - NÚMERO DE CONTROL | |
| campo de control | Rebiun13918469 |
| 003 - IDENTIFICADOR DEL NÚMERO DE CONTROL | |
| campo de control | AR-RoIUNI |
| 005 - FECHA Y HORA DE LA ÚLTIMA TRANSACCIÓN | |
| campo de control | 20241122062831.0 |
| 008 - DATOS DE LONGITUD FIJA--INFORMACIÓN GENERAL | |
| campo de control de longitud fija | 120725s1886 it 000 0 ita d |
| 040 ## - FUENTE DE LA CATALOGACIÓN | |
| Centro catalogador/agencia de origen | ES-VaUB. |
| Centro/agencia transcriptor | AR-RoIUNI |
| 041 1# - CÓDIGO DE LENGUA | |
| Código de lengua del texto/banda sonora o título independiente | ita. |
| Código de lengua original | ger |
| 080 ## - NÚMERO DE LA CLASIFICACIÓN DECIMAL UNIVERSAL | |
| Número de la Clasificación Decimal Universal | 616-091"18" |
| 100 1# - ENTRADA PRINCIPAL--NOMBRE DE PERSONA | |
| Nombre de persona | Ziegler, Ernst |
| 245 10 - MENCIÓN DE TÍTULO | |
| Título | Tecnica dell'esame istologico dei preparati anatomo-patologici : |
| Resto del título | appendice al Trattato di anatomia patologica e patogenesi / |
| Mención de responsabilidad, etc. | pel dr. Ernesto Ziegler |
| 246 30 - FORMA VARIANTE DE TÍTULO | |
| Título propio/Titulo breve | Trattato di anatomia patologica e patogenesi |
| 250 ## - MENCIÓN DE EDICIÓN | |
| Mención de edición | Ultima ed. tedesca rinnovata/ |
| Resto de la mención de edición | tradotta dal dr. Luciano Armanni |
| 260 ## - PUBLICACIÓN, DISTRIBUCIÓN, ETC. (PIE DE IMPRENTA) | |
| Lugar de publicación, distribución, etc. | Napoli : |
| Nombre del editor, distribuidor, etc. | Vincenzo Pasquale, |
| Fecha de publicación, distribución, etc. | 1886 |
| 300 ## - DESCRIPCIÓN FÍSICA | |
| Extensión | [4], 41 p. ; |
| Dimensiones | 24 cm |
| 650 04 - PUNTO DE ACCESO ADICIONAL DE MATERIA--TÉRMINO DE MATERIA | |
| Término de materia o nombre geográfico como elemento inicial | Anatomia patológica |
| 650 00 - PUNTO DE ACCESO ADICIONAL DE MATERIA--TÉRMINO DE MATERIA | |
| Término de materia o nombre geográfico como elemento inicial | Histología |
| 9 (RLIN) | 61 |
| 650 04 - PUNTO DE ACCESO ADICIONAL DE MATERIA--TÉRMINO DE MATERIA | |
| Término de materia o nombre geográfico como elemento inicial | Análisis clínicos |
| 700 1# - PUNTO DE ACCESO ADICIONAL--NOMBRE DE PERSONA | |
| Nombre de persona | Armanni, Luciano ( |
| Fechas asociadas al nombre | 1839-1903), |
| Término indicativo de función/relación | trad |
| 752 ## - PUNTO DE ACCESO ADICIONAL--NOMBRE JERÁRQUICO DE LUGAR | |
| País o entidad superior | Italia. - |
| Ciudad | Napols |
| 942 ## - ELEMENTOS DE PUNTO DE ACCESO ADICIONAL (KOHA) | |
| Fuente del sistema de clasificación o colocación | Clasificación Decimal Universal |
| Tipo de ítem Koha | Libros |
| Estado de retiro | Estado de pérdida | Fuente del sistema de clasificación o colocación | Estado dañado | Excepción de préstamo | Código de colección | Localización permanente | Ubicación/localización actual | Ubicación en estantería | Fecha de adquisición | Número de inventario | Total de préstamos | Signatura topográfica completa | Código de barras | Fecha visto por última vez | Precio válido a partir de | Tipo de ítem Koha |
|---|---|---|---|---|---|---|---|---|---|---|---|---|---|---|---|---|
| Clasificación Decimal Universal | Idiomas | BIBLIOTECA CENTRAL | BIBLIOTECA CENTRAL | BIBLIOTECA CENTRAL | 23/07/2019 | 6467 | 616-091 | 6467c | 23/07/2019 | 23/07/2019 | Libros |

